Taylor Swift - The Taylor Swift Holiday Collection - Statistics

General Stats
  • This quiz has been taken 24 times
  • The average score is 5 of 6
Answer Stats
2008 The Taylor Swift Holiday Collection % Correct
1 Last Christmas
94%
4 Silent Night
88%
2 Christmases When You Were Mine
82%
3 Santa Baby
82%
6 White Christmas
76%
5 Christmases Must Be Something More
29%
No matching quizzes found
Score Distribution
Percent of People with Each Score
Percentile by Number Answered
Your Score History
You have not taken this quiz